O passeio da Fleur (Registo nº 23376)
[ vista simples ]
| 000 -Etiqueta do registo | |
|---|---|
| Valores | 00758nam a22001931i 4500 |
| 090 ## - | |
| -- | 23376 |
| 010 ## - Número ISBN | |
| ISBN | 9789279119729 |
| 100 ## - Dados gerais de processamento | |
| Dados gerais | 20170304u u u0frey50 ba |
| 101 0# - Língua de publicação | |
| -- | por |
| 200 1# - Titulo e menção de responsabilidade | |
| Primeira menção de responsabilidade | Benoit Coppée |
| Título próprio | O passeio da Fleur |
| 215 ## - Descrição física | |
| Paginação / Volumes | 20 p. |
| Outras indicações físicas | muito il. |
| Dimensões | 23 cm |
| 210 ## - Publicação | |
| Nome do editor | Serviço das Publicações da União Europeia |
| Local de publicação | Luxemburgo |
| Data de publicação | 2009 |
| 300 ## - Notas gerais | |
| Texto da nota | Oferta do Centro de Informação Europeia Jacques Delors |
| 702 #1 - Autor secundário (pessoa individual) | |
| Apelido | Viot |
| Nome | Nicolas |
| -- | 440 |
| 700 #1 - Autor principal (pessoa individual) | |
| Apelido | Coppée |
| Nome | Benoit |
| -- | 070 |
| 996 ## - ISO2709 | |
| -- | 0034193 |
| -- | COP Juv |
| -- | 00000000 |
| -- | 00000000 |
| -- | BMVA |
| -- | 1 |
| -- | Viana do Alentejo |
| -- | Ciências da Terra (P.C.J.) |
| -- | 94 |
| -- | Livro |
| -- | 0 |
| -- | 1 |
| 996 ## - ISO2709 | |
| -- | 0034240 |
| -- | COP Juv |
| -- | 00000000 |
| -- | 00000000 |
| -- | BMVAAL |
| -- | 3 |
| -- | Alcáçovas |
| -- | Ciências da Terra (P.C.J.) |
| -- | 94 |
| -- | Livro |
| -- | 0 |
| -- | 1 |
| 990 ## - Elementos KOHA | |
| Tipo de documento | Livro |
| Situação do levantamento | Estado | Biblioteca de origem | Biblioteca de empréstimo | Código de barras | Cota | Permissão de empréstimo | Tipo de documento | Nota relativa ao exemplar |
|---|---|---|---|---|---|---|---|---|
| Completo | Biblioteca Municipal de Viana Do Alentejo | Biblioteca Municipal de Viana Do Alentejo | 0029520 | 8 COP | Disponível | Livro | ||
| Completo | Biblioteca Municipal de Viana Do Alentejo | Biblioteca Municipal de Viana Do Alentejo Pólo Alcáçovas | 0029547 | 8 COP | Disponível | Livro | 6-10 anos |